00873nam a2200205Ia 4500001020000000002005000200008003700250010001100287530002200298583002600320650004300346650003800389650004600427650004800473650001300521650001500534700004300549700002900592700004600621IA_This project involves the production of tomato (Lycopersicum esculentum L.) under greenhouse and preparation of material by simple processes but to ensure health, safety and quality for consumers.ESTUDIO DE LA FACTIBILIDAD TECNICO-ECONOMICO PARA220117s xx 000 0 und d a184342 aDisponible en PDF a1 ej. imp. ; 2 ej. CD 0aAgricultural industryzMexicozChiapas 0aEntrepreneurshipzMexicozChiapas 0aIndustria agrícolazMéxicozChiapas  0aIniciativa empresarialzMéxicozChiapas  aTomate  aTomatoes  aMartínez Moscada, Francisco, asesor 1 aPonce Hernández, Pedro aSzymanski Duqué, Rosa Guadalupe, asesor